Statistics for Countries with the Most Buddhists Quiz

Click here to take the quiz!

General Stats

  • This quiz has been taken 28 times
  • The average score is 18 of 20

Answer Stats

#Country% Correct
9.25 mIndia
100%
244 mChina
96%
13.6 mCambodia
96%
64.4 mThailand
96%
4.10 mLaos
96%
38.4 mMyanmar
96%
14.3 mVietnam
93%
45.8 mJapan
93%
3.57 mUnited States
93%
3.08 mNepal
93%
540 kBhutan
93%
1.73 mSingapore
85%
1.72 mIndonesia
85%
1.52 mMongolia
85%
11.0 mSouth Korea
81%
4.95 mTaiwan
81%
600 kAustralia
78%
14.4 mSri Lanka
74%
370 kNorth Korea
74%
720 kBangladesh
70%

Score Distribution

Percentile by Number Answered

Percent of People with Each Score

Your Score History

You have not taken this quiz